Азбука (Запись № 426232)

Подробности
000 -МАРКЕР
контрольное поле 01772nam1a2200325 i 4500
001 - ИДЕНТИФИКАТОР ЗАПИСИ
контрольное поле RU\NLR\bibl\987675
005 - ИДЕНТИФИКАТОР ВЕРСИИ
контрольное поле 20260531065036.0
035 ## - ДРУГИЕ СИСТЕМНЫЕ НОМЕРА
Идентификатор записи (NLR Aleph) 000975525
100 ## - ДАННЫЕ ОБЩЕЙ ОБРАБОТКИ
Данные общей обработки 20060925g20069999u y0rusy50 ca
101 0# - ЯЗЫК РЕСУРСА
Язык текста, звукозаписи и т.д. русский
102 ## - СТРАНА ПУБЛИКАЦИИ ИЛИ ПРОИЗВОДСТВА
Страна публикации Российская Федерация
105 ## - ПОЛЕ КОДИРОВАННЫХ ДАННЫХ: ТЕКСТОВЫЕ МАТЕРИАЛЫ, МОНОГРАФИЧЕСКИЕ
Кодированные данные о монографическом текстовом документе ||||z |||||
200 1# - ЗАГЛАВИЕ И СВЕДЕНИЯ ОБ ОТВЕТСТВЕННОСТИ
Основное заглавие Азбука
Сведения, относящиеся к заглавию АБВГДейка
-- учебник для 1 класса начальной школы
-- в 2-х ч.
Первые сведения об ответственности Л.Ф. Климанова, С.Г. Макеева
Последующие сведения об ответственности Рос. акад. наук [и др.]
210 ## - ПУБЛИКАЦИЯ, РАСПРОСТРАНЕНИЕ И ДР.
Место издания, распространения и т.д. Москва
Имя издателя, распространителя и т. д. Просвещение
Дата издания, распространения и т.д. 2006
215 ## - ФИЗИЧЕСКАЯ ХАРАКТЕРИСТИКА
Размеры 26
225 1# - СЕРИЯ
Основное заглавие серии Академический школьный учебник
Сведения об ответственности науч. ред.: акад.-секретарь РАО, д.п.н. А.А. Кузнецов [и др.]
225 1# - СЕРИЯ
Основное заглавие серии Проект "Российская академия наук, Российская академия образования, издательство "Просвещение" - российской школе"
Сведения об ответственности рук.: акад. В.В. Козлов [и др.]
300 ## - ОБЩИЕ ПРИМЕЧАНИЯ
Текст примечания В надзаг также: Рос. акад. образования, Изд-во "Просвещение"
463 #0 - УРОВЕНЬ ФИЗИЧЕСКОЙ ЕДИНИЦЫ
Встроенное поле 001976612
463 #0 - УРОВЕНЬ ФИЗИЧЕСКОЙ ЕДИНИЦЫ
Встроенное поле 0011011581
606 ## - НАИМЕНОВАНИЕ ТЕМЫ КАК ПРЕДМЕТ
Наименование темы Русский язык
Тематический подзаголовок Буквари
Системный номер авторитетной/нормативной записи 1563960
Идентификатор авторитетной/нормативной записи RU\NLR\auth\66984518
686 ## - ИНДЕКСЫ ДРУГИХ КЛАССИФИКАЦИЙ
Индекс Ш141.12-922.1[б]
700 #1 - ИМЯ ЛИЦА - ПЕРВИЧНАЯ ОТВЕТСТВЕННОСТЬ
Код отношения Автор
Материалы, к которым относится поле rus
Графика поля Кириллица
Начальный элемент ввода Климанова
Часть имени, кроме начального элемента ввода Л. Ф.
Расширение инициалов личного имени Людмила Федоровна
Идентификатор авторитетной/нормативной записи RU\NLR\auth\7722910
Системный номер авторитетной/нормативной записи 5965
701 #1 - ИМЯ ЛИЦА - АЛЬТЕРНАТИВНАЯ ОТВЕТСТВЕННОСТЬ
Код отношения Автор
Графика поля Кириллица
Материалы, к которым относится поле rus
Начальный элемент ввода Макеева
Часть имени, кроме начального элемента ввода С. Г.
Дополнения к именам, кроме дат д-р пед. наук
Расширение инициалов личного имени Светлана Григорьевна
Системный номер авторитетной/нормативной записи 197404
Идентификатор авторитетной/нормативной записи RU\NLR\AUTH\770197455
801 #0 - ИСТОЧНИК ЗАПИСИ
Страна Российская Федерация
Организация NLR
Дата составления 20060925
Правила каталогизации rcr
801 #1 - ИСТОЧНИК ЗАПИСИ
Страна Российская Федерация
Организация NLR
Дата составления 20060925
852 ## - МЕСТОНАХОЖДЕНИЕ И ШИФР ХРАНЕНИЯ
Идентификатор организации NLR
Шифр хранения (Call Number) 2006-7/4186
942 ## - ДОПОЛНИТЕЛЬНЫЕ ЭЛЕМЕНТЫ ЗАПИСИ (АБИС)
Тип экземпляра АБИС Книга

Нет доступных экземпляров.